|
|
|
|
| LEADER |
00000naa2a2200000 4500 |
| 001 |
243881 |
| 005 |
20251219162512.0 |
| 035 |
|
|
|a (RuTPU)RU\TPU\book\265235
|
| 035 |
|
|
|a RU\TPU\book\265218
|
| 090 |
|
|
|a 243881
|
| 100 |
|
|
|a 20131009d2013 k y0rusy50 ca
|
| 101 |
0 |
|
|a rus
|
| 102 |
|
|
|a RU
|
| 135 |
|
|
|a drnn ---uucaa
|
| 181 |
|
0 |
|a i
|
| 182 |
|
0 |
|a b
|
| 200 |
1 |
|
|a Излучение Вавилова-Черенкова и дифракционное излучение в тефлоновой призме
|f В. В. Блеко, В. В. Соболева
|g науч. рук. Г. А. Науменко
|
| 203 |
|
|
|a Текст
|c электронный
|
| 225 |
1 |
|
|a Физические методы в науке и технике
|
| 300 |
|
|
|a Заглавие с титульного экрана
|
| 320 |
|
|
|a [Библиогр.: с. 7 (5 назв.)]
|
| 337 |
|
|
|a Adobe Reader
|
| 461 |
|
1 |
|0 (RuTPU)RU\TPU\book\263794
|t Современные техника и технологии
|o сборник трудов XIX международной научно-практической конференции студентов, аспирантов и молодых ученых, Томск, 15-19 апреля 2013 г.
|o в 3 т.
|f Национальный исследовательский Томский политехнический университет (ТПУ)
|d 2013
|
| 463 |
|
1 |
|0 (RuTPU)RU\TPU\book\263799
|t Т. 3
|v [С. 6-7]
|d 2013
|
| 610 |
1 |
|
|a труды учёных ТПУ
|
| 610 |
1 |
|
|a электронный ресурс
|
| 610 |
1 |
|
|a излучение Вавилова-Черенкова
|
| 610 |
1 |
|
|a дифракционное излучение
|
| 610 |
1 |
|
|a тефлоновые призмы
|
| 700 |
|
1 |
|a Блеко
|b В. В.
|c физик
|c инженер-исследователь Томского политехнического университета
|g Витольд Владиславович
|3 (RuTPU)RU\TPU\pers\31371
|
| 701 |
|
1 |
|a Соболева
|b В. В.
|c физик
|c инженер-исследователь Томского политехнического университета
|g Вероника Вячеславовна
|3 (RuTPU)RU\TPU\pers\31370
|
| 702 |
|
1 |
|a Науменко
|b Г. А.
|c физик
|c ведущий научный сотрудник Томского политехнического университета
|f 1947-
|g Геннадий Андреевич
|4 727
|
| 712 |
0 |
2 |
|a Национальный исследовательский Томский политехнический университет (ТПУ)
|b Физико-технический институт (ФТИ)
|b Кафедра прикладной физики (№ 12) (ПФ)
|3 (RuTPU)RU\TPU\col\18729
|
| 801 |
|
2 |
|a RU
|b 63413507
|c 20160209
|g RCR
|
| 856 |
4 |
|
|u http://www.lib.tpu.ru/fulltext/c/2013/C01/V3/002.pdf
|
| 942 |
|
|
|c CF
|